Nová Hodvábna cesta a jej význam pre ekonomiku SR

Charakteristika ekonomiky Číny a jej nových ekonomických a rozvojových iniciatív. Projekt Novej hodvábnej cesty tiež nazývaný Jeden pás a jedna cesta (One Belt One Road – OBOR). Analýza hospodárskej spolupráce Slovenskej republiky s Čínou. Význam projektu Novej hodvábnej cesty pre ekonomiku SR.

Salvato in:
Dettagli Bibliografici
Autore principale: Jančíková, Eva, 1960-
Natura: Capitolo di libro
Lingua:slovacco
Soggetti:
Tags: Aggiungi Tag
Nessun Tag, puoi essere il primo ad aggiungerne!!

MARC

LEADER 00000nla a2200000 4500
001 0241521
005 20240502073931.8
041 0 |a slo 
044 |a SK 
245 1 0 |a Nová Hodvábna cesta a jej význam pre ekonomiku SR  |c Eva Jančíková 
520 |a Charakteristika ekonomiky Číny a jej nových ekonomických a rozvojových iniciatív. Projekt Novej hodvábnej cesty tiež nazývaný Jeden pás a jedna cesta (One Belt One Road – OBOR). Analýza hospodárskej spolupráce Slovenskej republiky s Čínou. Význam projektu Novej hodvábnej cesty pre ekonomiku SR. 
610 2 0 |a spolupráca hospodárska medzinárodná 
610 2 0 |a vzťahy medzinárodné 
610 2 0 |a doprava medzinárodná 
610 2 0 |a doprava železničná nákladná 
610 2 0 |a obchod zahraničný 
610 2 0 |a obchod medzinárodný 
610 2 0 |a investície zahraničné 
610 2 0 |a rozvoj hospodársky 
610 2 0 |a Čína 
610 2 0 |a Slovensko 
100 1 |a Jančíková, Eva, 1960-